| 000 | 00705nam a2200229 a 4500 | ||
|---|---|---|---|
| 001 | 000000568 | ||
| 005 | 20240530073910.0 | ||
| 008 | 081127s2008 dr 000 f spa d | ||
| 020 | _a9789945865707 | ||
| 020 | _a9945865706 | ||
| 040 |
_aDO-SdBNP _bspa _cBNPHU |
||
| 082 |
_aRD863.44 _bL864u |
||
| 100 | 1 |
_aLópez, Sandino, _d1957- _91869 |
|
| 245 | 1 | 3 |
_aEl único pasajero / _cSandino López. |
| 260 |
_aSanto Domingo : _bBúho, _c2008. |
||
| 300 |
_a937 p. ; _c23 cm. |
||
| 500 | _aIncluye referencias biográficas del autor en las solapas | ||
| 590 | _aInventariado, 2020/MAA | ||
| 650 | 0 |
_aNovela dominicana _9223 |
|
| 650 | 0 |
_aLiteratura dominicana. _967 |
|
| 910 | _aValidado. Control de calidad MFF | ||
| 999 |
_c566 _d566 |
||